000 00847cam a2200289 4500500
005 20260405000625.0
041 _afre
042 _adc
100 1 0 _aCerf, Juliette
_eauthor
245 0 0 _aRené Girard : “ L’accroissement de la puissance de l’homme sur le réel m’effraie”
260 _c2008.
500 _a95
690 _aAnthropologie
690 _aCapitalisme
690 _aDestruction
690 _aGirard
690 _aImitation
690 _aLittérature
690 _aMimétisme
690 _aRené Girard
690 _aRivalité
690 _aThéologie
690 _aVictime
690 _aViolence
786 0 _nPhilosophie magazine | 23 | 10 | 2008-10-01 | p. 16-18 | 1951-1787
856 4 1 _uhttps://shs.cairn.info/magazine-philosophie-magazine-2008-10-page-16?lang=fr&redirect-ssocas=7080
999 _c2039082
_d2039082